| 000 | 00424nam a22001697a 4500 | ||
|---|---|---|---|
| 003 | OSt | ||
| 005 | 20260416053101.0 | ||
| 008 | 260416b |||||||| |||| 00| 0 eng d | ||
| 020 | _a0-446-61586-2 | ||
| 040 |
_aDWCL-Main Lib _cOC |
||
| 082 | _aFic. Sp736 2003 | ||
| 100 | _aSparks, Nicholas | ||
| 245 | _aThe wedding / | ||
| 260 |
_aNew York : _bVision, _cc2003 |
||
| 300 |
_a289 p ; _c17 cm. |
||
| 942 |
_2ddc _cFIC. _mFic. _n0 |
||
| 999 |
_c9498 _d9498 |
||